000 00998nam a2200313 a 4500
003 AR-BaBNM
005 20251128210305.0
008 082120s2002 ||||||||||||||000 | spa||
020 _a84-85840-44-5
040 _cAR-BaBNM
245 0 0 _aLa enseñanza precoz de una segunda lengua en la escuela
250 _a1ª ed.
260 _aBarcelona
_bI.C.E. Universitat Barcelona
_bHorsori
_c1996
300 _a231 p.
_btablas
490 0 _aSeminarios
_vv. 28
500 _aEste volumen contiene los trabajos expuestos en el xIx seminario sobre "Lenguas y educación"
504 _aContiene bibliografía al final de cada capítulo
610 2 4 _aUnión Europea
650 4 _aENSEÑANZA DE SEGUNDA LENGUA
650 4 _aLENGUAJE DEL NIÑO
650 4 _aPAPEL DEL LENGUAJE
650 4 _aEDUCACION BASICA
650 4 _aEDUCACION BILINGÜE
650 4 _aEDUCACION MULTICULTURAL
650 4 _aINTEGRACION SOCIAL
700 1 _aSiguan, Miquel
_ecoordinador
942 _cBK
998 _cRaquel
999 _c14815
_d14815